[Event "EU YCH Team U12 boys"]
[Site "Thessaloniki"]
[Date "2022.07.12"]
[Round "1.1"]
[White "Besou, Hussain"]
[Black "Zerey, Demhat"]
[Result "0-1"]
[WhiteElo "2078"]
[BlackElo "1497"]
[PlyCount "144"]
[EventDate "2022.07.12"]
[EventType "swiss"]
[EventRounds "7"]
[EventCountry "GRE"]
[SourceTitle "Youth Database"]
[Source "CBase R.Goldau"]
[SourceDate "2000.03.01"]
[SourceVersion "1"]
[SourceVersionDate "2022.07.18"]
[SourceQuality "1"]
[WhiteTeam "Deutschland"]
[BlackTeam "Türkei"]
[WhiteTeamCountry "GER"]
[BlackTeamCountry "TUR"]

1. e4 c5 2. Nf3 d6 3. d4 cxd4 4. Nxd4 Nf6 5. Nc3 g6 6. Be3 Bg7 7. f3 O-O 8. Qd2
Nc6 9. g4 Be6 10. Nxe6 fxe6 11. O-O-O Ne5 12. Be2 Rc8 13. Kb1 Qa5 14. h4 Nc4
15. Bxc4 Rxc4 16. Ne2 Qxd2 17. Bxd2 Nd7 18. b3 Rcc8 19. Rhf1 Rf7 20. Nf4 e5 21.
Ne6 Rf6 22. Nxg7 Kxg7 23. f4 exf4 24. Bxf4 Re6 25. Rde1 Rf8 26. Kc1 Kg8 27. g5
Nc5 28. e5 dxe5 29. Be3 Rxf1 30. Rxf1 Ne4 31. Rd1 a6 32. Rd7 b5 33. Rc7 Ng3 34.
Kd2 e4 35. Ke1 Nf5 36. Ke2 Kf7 37. Rc8 Rd6 38. a4 bxa4 39. bxa4 Nxh4 40. Bf4
Rb6 41. Rh8 Nf5 42. Rxh7+ Ke6 43. Rh8 Rc6 44. Kd2 Rc4 45. a5 Nd4 46. Ra8 Kf5
47. Be3 Nxc2 48. Rxa6 Nxe3 49. Kxe3 Rc3+ 50. Kd2 Ra3 51. Ra8 e3+ 52. Ke2 Ke4
53. Re8 Ra2+ 54. Ke1 e5 55. Re6 e2 56. Kf2 Kf5 57. Re8 Rxa5 58. Kxe2 Kxg5 59.
Rf8 Kg4 60. Ke3 g5 61. Ke4 Kg3 62. Kf5 g4 63. Rg8 Kf3 64. Kg5 Ra4 65. Kh4 Rf4
66. Ra8 e4 67. Ra1 e3 68. Rf1+ Ke4 69. Re1 Kd3 70. Kg3 Re4 71. Ra1 e2 72. Kf2
e1=Q+ 0-1

[Event "EU YCH Team U12 boys"]
[Site "Thessaloniki"]
[Date "2022.07.12"]
[Round "1.2"]
[White "Kolat, Ata"]
[Black "Malinowsky, Levi"]
[Result "1-0"]
[WhiteElo "1621"]
[BlackElo "1814"]
[PlyCount "102"]
[EventDate "2022.07.12"]
[EventType "swiss"]
[EventRounds "7"]
[EventCountry "GRE"]
[SourceTitle "Youth Database"]
[Source "CBase R.Goldau"]
[SourceDate "2000.03.01"]
[SourceVersion "1"]
[SourceVersionDate "2022.07.18"]
[SourceQuality "1"]
[WhiteTeam "Türkei"]
[BlackTeam "Deutschland"]
[WhiteTeamCountry "TUR"]
[BlackTeamCountry "GER"]

1. e4 c5 2. Nf3 e6 3. c4 Nc6 4. d4 cxd4 5. Nxd4 Nf6 6. Nc3 Bb4 7. Nxc6 bxc6 8.
Bd3 e5 9. O-O d6 10. h3 Be6 11. Be3 Nd7 12. Na4 O-O 13. a3 Ba5 14. b4 Bc7 15.
Qc2 Qe7 16. c5 a5 17. Rfc1 Rfc8 18. Nb6 Nxb6 19. cxb6 Bd8 20. bxa5 Rxa5 21. a4
c5 22. Bd2 Raa8 23. a5 c4 24. Bf1 Qb7 25. Bc3 Ra6 26. Rcb1 g6 27. g3 Qd7 28.
Kh2 f5 29. Rd1 Qc6 30. Bg2 f4 31. gxf4 exf4 32. Qd2 Be7 33. Qd4 Kf7 34. e5 d5
35. Bxd5 Bxd5 36. Qxd5+ Qxd5 37. Rxd5 Ke6 38. Rad1 h5 39. Rb5 Rb8 40. Rd4 g5
41. Rxc4 g4 42. Rxf4 Bg5 43. Rc4 Rf8 44. Bd4 Bf4+ 45. Kg2 gxh3+ 46. Kxh3 Kf5
47. e6+ Kxe6 48. b7 Bb8 49. Rc8 Kf7 50. Rxf8+ Kxf8 51. Be5 Ba7 1-0

[Event "EU YCH Team U12 boys"]
[Site "Thessaloniki"]
[Date "2022.07.12"]
[Round "1.3"]
[White "Buchinger, Alexis"]
[Black "Sevig, Mert Can"]
[Result "0-1"]
[WhiteElo "1764"]
[BlackElo "1604"]
[PlyCount "90"]
[EventDate "2022.07.12"]
[EventType "swiss"]
[EventRounds "7"]
[EventCountry "GRE"]
[SourceTitle "Youth Database"]
[Source "CBase R.Goldau"]
[SourceDate "2000.03.01"]
[SourceVersion "1"]
[SourceVersionDate "2022.07.18"]
[SourceQuality "1"]
[WhiteTeam "Deutschland"]
[BlackTeam "Türkei"]
[WhiteTeamCountry "GER"]
[BlackTeamCountry "TUR"]

1. e4 c5 2. Nf3 e6 3. d4 cxd4 4. Nxd4 a6 5. Nc3 b5 6. Be3 Bb7 7. f3 Nf6 8. Qd2
Qc7 9. O-O-O Bb4 10. Nde2 d5 11. e5 Nfd7 12. f4 Nb6 13. b3 Ba5 14. Qd3 Nc6 15.
Bf2 Rc8 16. Qg3 g6 17. Kb2 b4 18. Nb1 Nxe5 19. fxe5 Qxc2+ 20. Ka1 Qxd1 21. Nd4
O-O 22. Rg1 Rc1 23. Bd3 Qd2 24. Rxc1 Qxc1 25. Nc2 Na4 26. Bd4 Nc3 27. Ne3 Bb6
28. Qh4 Nxb1 29. Bxb1 Bxd4+ 30. Qxd4 Qc3+ 31. Qxc3 bxc3 32. Bd3 d4 33. Ng4 Bxg2
34. Bxa6 f5 35. exf6 h5 36. Ne5 Rxf6 37. Kb1 Be4+ 38. Kc1 g5 39. h3 Rf5 40. Ng6
Ra5 41. Bc4 Bxg6 42. b4 Re5 43. Kd1 d3 44. b5 h4 45. Bxd3 Bxd3 0-1

[Event "EU YCH Team U12 boys"]
[Site "Thessaloniki"]
[Date "2022.07.12"]
[Round "1.4"]
[White "Madsman, Alp"]
[Black "Gloeckler, Christian"]
[Result "0-1"]
[WhiteElo "1429"]
[BlackElo "1827"]
[PlyCount "134"]
[EventDate "2022.07.12"]
[EventType "swiss"]
[EventRounds "7"]
[EventCountry "GRE"]
[SourceTitle "Youth Database"]
[Source "CBase R.Goldau"]
[SourceDate "2000.03.01"]
[SourceVersion "1"]
[SourceVersionDate "2022.07.18"]
[SourceQuality "1"]
[WhiteTeam "Türkei"]
[BlackTeam "Deutschland"]
[WhiteTeamCountry "TUR"]
[BlackTeamCountry "GER"]

1. e4 c5 2. Nf3 d6 3. Bb5+ Nd7 4. O-O a6 5. Bd3 b6 6. c3 Bb7 7. Bc2 c4 8. Qe2
b5 9. a4 Nc5 10. axb5 axb5 11. Rxa8 Qxa8 12. Na3 Ba6 13. Nd4 Qb7 14. d3 e5 15.
Nf5 g6 16. Ne3 cxd3 17. Bxd3 Nxd3 18. Qxd3 Nf6 19. f3 Be7 20. Rd1 O-O 21. Nd5
Nxd5 22. Qxd5 b4 23. Qxb7 Bxb7 24. cxb4 d5 25. exd5 Bxb4 26. Nc4 Ba6 27. b3 f6
28. Be3 Bb7 29. d6 Rd8 30. Bb6 Rd7 31. Kf2 Kf7 32. Kg3 Ba6 33. Bc7 Bxc4 34.
bxc4 Ke6 35. Kf2 Bxd6 36. Rxd6+ Rxd6 37. Bxd6 Kxd6 38. Ke3 Kc5 39. Kd3 f5 40.
Kc3 g5 41. g3 h5 42. h3 e4 43. fxe4 fxe4 44. Kd2 Kxc4 45. Ke3 Kd5 46. Ke2 Kd4
47. Kd2 e3+ 48. Ke2 Ke4 49. h4 g4 50. Ke1 Kf3 51. Kf1 Kxg3 52. Ke2 Kxh4 53.
Kxe3 Kg3 54. Ke2 Kg2 55. Ke3 h4 56. Kf4 g3 57. Ke4 h3 58. Kd4 h2 59. Ke4 h1=Q
60. Kd4 Kf3 61. Ke5 g2 62. Kd4 g1=Q+ 63. Kd5 Kf4+ 64. Kd6 Qd4+ 65. Kc7 Qc1+ 66.
Kb7 Qdb2+ 67. Ka8 Qca1# 0-1

[Event "EU YCH Team U12 boys"]
[Site "Thessaloniki"]
[Date "2022.07.12"]
[Round "1.1"]
[White "Margaritis, Ioannis M"]
[Black "Kumar, Soham"]
[Result "0-1"]
[WhiteElo "1525"]
[BlackElo "1762"]
[PlyCount "64"]
[EventDate "2022.07.12"]
[EventType "swiss"]
[EventRounds "7"]
[EventCountry "GRE"]
[SourceTitle "Youth Database"]
[Source "CBase R.Goldau"]
[SourceDate "2000.03.01"]
[SourceVersion "1"]
[SourceVersionDate "2022.07.18"]
[SourceQuality "1"]
[WhiteTeam "Griechenland"]
[BlackTeam "England"]
[WhiteTeamCountry "GRE"]
[BlackTeamCountry "ENG"]

1. d4 Nf6 2. c4 c5 3. d5 b5 4. cxb5 a6 5. bxa6 Bxa6 6. Nc3 d6 7. g3 Nbd7 8. Bg2
g6 9. Nf3 Bg7 10. Rb1 O-O 11. O-O Rb8 12. b3 Ng4 13. Bd2 Nge5 14. Nxe5 Nxe5 15.
f4 Ng4 16. Re1 Bxc3 17. Bxc3 Ne3 18. Qd2 Nxg2 19. Kxg2 e6 20. e4 Qe7 21. Rbd1
Rbd8 22. Qf2 Bb7 23. f5 exf5 24. exf5 Qg5 25. h4 Qg4 26. f6 Rfe8 27. Re7 Qxd1
28. Qe3 Qxd5+ 29. Kh3 Qh1+ 30. Kg4 Bc8+ 31. Kf4 Qf1+ 32. Ke4 Qf5# 0-1

[Event "EU YCH Team U12 boys"]
[Site "Thessaloniki"]
[Date "2022.07.12"]
[Round "1.2"]
[White "Pert, Max"]
[Black "Karakotsios, Loukas Georgios"]
[Result "1-0"]
[WhiteElo "1693"]
[BlackElo "1257"]
[PlyCount "109"]
[EventDate "2022.07.12"]
[EventType "swiss"]
[EventRounds "7"]
[EventCountry "GRE"]
[SourceTitle "Youth Database"]
[Source "CBase R.Goldau"]
[SourceDate "2000.03.01"]
[SourceVersion "1"]
[SourceVersionDate "2022.07.18"]
[SourceQuality "1"]
[WhiteTeam "England"]
[BlackTeam "Griechenland"]
[WhiteTeamCountry "ENG"]
[BlackTeamCountry "GRE"]

1. d4 d5 2. Nf3 Nc6 3. c4 dxc4 4. Nc3 Nf6 5. Bg5 Bg4 6. e3 e6 7. Bxc4 Be7 8. h3
Bh5 9. O-O O-O 10. Be2 Bg6 11. Rc1 Ne4 12. Nxe4 Bxe4 13. Bxe7 Qxe7 14. Qa4 f6
15. Nd2 Bf5 16. Qb3 Rab8 17. Bf3 Rfd8 18. Ne4 Bg6 19. Nc5 Bf7 20. Qc3 Qe8 21.
Nxb7 Nxd4 22. exd4 Rdc8 23. Nc5 c6 24. Rfe1 Qe7 25. Bg4 Re8 26. Bxe6 Bxe6 27.
Rxe6 Qf7 28. Rxe8+ Rxe8 29. Qb3 Qxb3 30. Nxb3 Re2 31. Rxc6 Rxb2 32. Ra6 Rb1+
33. Kh2 Rb2 34. f3 Kf7 35. Rxa7+ Kg6 36. d5 Rb1 37. d6 Rd1 38. d7 Kf5 39. Nc5
g5 40. Ra8 h5 41. d8=Q Rxd8 42. Rxd8 g4 43. fxg4+ hxg4 44. hxg4+ Kxg4 45. a4 f5
46. a5 f4 47. a6 f3 48. gxf3+ Kxf3 49. a7 Kf4 50. a8=Q Kg5 51. Qg2+ Kf6 52. Qe2
Kf5 53. Rf8+ Kg5 54. Qg2+ Kh5 55. Rh8# 1-0

[Event "EU YCH Team U12 boys"]
[Site "Thessaloniki"]
[Date "2022.07.12"]
[Round "1.3"]
[White "Misios, Konstantinos"]
[Black "Patel, Zain"]
[Result "0-1"]
[WhiteElo "1262"]
[BlackElo "1632"]
[PlyCount "82"]
[EventDate "2022.07.12"]
[EventType "swiss"]
[EventRounds "7"]
[EventCountry "GRE"]
[SourceTitle "Youth Database"]
[Source "CBase R.Goldau"]
[SourceDate "2000.03.01"]
[SourceVersion "1"]
[SourceVersionDate "2022.07.18"]
[SourceQuality "1"]
[WhiteTeam "Griechenland"]
[BlackTeam "England"]
[WhiteTeamCountry "GRE"]
[BlackTeamCountry "ENG"]

1. e4 e5 2. Nf3 Nc6 3. Bb5 a6 4. Ba4 Nf6 5. O-O Be7 6. Re1 b5 7. Bb3 d6 8. h3
O-O 9. c3 Nb8 10. d4 Nbd7 11. dxe5 dxe5 12. Be3 Bb7 13. Bd5 c6 14. Bb3 Nxe4 15.
Nbd2 Nxd2 16. Qxd2 Qc7 17. Rad1 Rad8 18. Qe2 c5 19. Bg5 Bxf3 20. Qxf3 Bxg5 21.
Qf5 Be7 22. Re3 g6 23. Rg3 c4 24. Bc2 Bh4 25. Rg4 Nf6 26. Rxd8 Rxd8 27. Qf3
Nxg4 28. Qxg4 Bxf2+ 29. Kf1 Qb6 30. Qf3 Qe3 31. Qxf2 Qc1+ 32. Qe1 Qxc2 33. Qxe5
Rd1+ 34. Qe1 Rxe1+ 35. Kxe1 Qxb2 36. Kd1 Qxc3 37. Ke2 Qd3+ 38. Ke1 c3 39. Kf2
c2 40. Ke1 c1=Q+ 41. Kf2 Qce3# 0-1

[Event "EU YCH Team U12 boys"]
[Site "Thessaloniki"]
[Date "2022.07.12"]
[Round "1.4"]
[White "Soulier, Alfred"]
[Black "Spagkakas, Konstantinos"]
[Result "1-0"]
[WhiteElo "1425"]
[BlackElo "1211"]
[PlyCount "91"]
[EventDate "2022.07.12"]
[EventType "swiss"]
[EventRounds "7"]
[EventCountry "GRE"]
[SourceTitle "Youth Database"]
[Source "CBase R.Goldau"]
[SourceDate "2000.03.01"]
[SourceVersion "1"]
[SourceVersionDate "2022.07.18"]
[SourceQuality "1"]
[WhiteTeam "England"]
[BlackTeam "Griechenland"]
[WhiteTeamCountry "ENG"]
[BlackTeamCountry "GRE"]

1. e4 c5 2. Nf3 e6 3. d4 cxd4 4. Nxd4 Nf6 5. Nc3 d6 6. Bg5 a6 7. f4 Be7 8. Qf3
Bd7 9. Be2 Nc6 10. O-O-O Rc8 11. Rhe1 b5 12. Nxc6 Bxc6 13. a3 Qc7 14. Bd3 O-O
15. g4 a5 16. Qe2 b4 17. Nb1 d5 18. e5 bxa3 19. Nxa3 Bxa3 20. bxa3 Ne8 21. f5
exf5 22. gxf5 f6 23. exf6 Nxf6 24. h4 h6 25. Be3 Qd6 26. Bd4 Qxa3+ 27. Bb2 Qb4
28. Qf2 a4 29. Qd4 Qxd4 30. Bxd4 Bd7 31. Re7 Rf7 32. Rde1 Rxe7 33. Rxe7 Bc6 34.
Kb2 Ba8 35. Ka3 Kf8 36. Re6 Bc6 37. Bxf6 gxf6 38. Rxf6+ Kg7 39. Rg6+ Kh7 40. f6
d4 41. Rg7+ Kh8 42. Rh7+ Kg8 43. f7+ Kf8 44. Rh8+ Ke7 45. Rxc8 Kxf7 46. Rxc6
1-0

[Event "EU YCH Team U12 boys"]
[Site "Thessaloniki"]
[Date "2022.07.12"]
[Round "1.1"]
[White "Sowinski, Pawel"]
[Black "Weber, Yonatan"]
[Result "1-0"]
[WhiteElo "2136"]
[BlackElo "1682"]
[PlyCount "54"]
[EventDate "2022.07.12"]
[EventType "swiss"]
[EventRounds "7"]
[EventCountry "GRE"]
[SourceTitle "Youth Database"]
[Source "CBase R.Goldau"]
[SourceDate "2000.03.01"]
[SourceVersion "1"]
[SourceVersionDate "2022.07.18"]
[SourceQuality "1"]
[WhiteTeam "Polen"]
[BlackTeam "Israel"]
[WhiteTeamCountry "POL"]
[BlackTeamCountry "ISR"]

1. e4 c5 2. Nf3 Nc6 3. d4 cxd4 4. Nxd4 Nf6 5. Nc3 d6 6. Bg5 e6 7. Qd2 Be7 8.
O-O-O O-O 9. f4 h6 10. Bh4 e5 11. Nf5 Bxf5 12. exf5 exf4 13. Be2 d5 14. Bxf6
Bxf6 15. Nxd5 Bg5 16. Bf3 Ne5 17. Qc3 Nxf3 18. Qxf3 Rc8 19. Kb1 Re8 20. c3 b5
21. Nxf4 Qb6 22. Nd5 Qc5 23. h4 Be7 24. g4 a5 25. g5 Qc6 26. f6 Bf8 27. g6 Re5
1-0

[Event "EU YCH Team U12 boys"]
[Site "Thessaloniki"]
[Date "2022.07.12"]
[Round "1.2"]
[White "Zakin, Ilay"]
[Black "Cieslak, Patryk"]
[Result "0-1"]
[WhiteElo "1677"]
[BlackElo "2029"]
[PlyCount "74"]
[EventDate "2022.07.12"]
[EventType "swiss"]
[EventRounds "7"]
[EventCountry "GRE"]
[SourceTitle "Youth Database"]
[Source "CBase R.Goldau"]
[SourceDate "2000.03.01"]
[SourceVersion "1"]
[SourceVersionDate "2022.07.18"]
[SourceQuality "1"]
[WhiteTeam "Israel"]
[BlackTeam "Polen"]
[WhiteTeamCountry "ISR"]
[BlackTeamCountry "POL"]

1. e4 c6 2. d4 g6 3. Nf3 d5 4. Nc3 dxe4 5. Nxe4 Nf6 6. Bd3 Nxe4 7. Bxe4 Bg7 8.
c3 O-O 9. O-O Nd7 10. Bg5 Nf6 11. Bd3 Be6 12. Qe2 b5 13. Ne5 Qc7 14. Bh4 Rfd8
15. Rfd1 a5 16. a4 b4 17. Bc4 Bd5 18. Bg3 Nh5 19. Bxd5 Rxd5 20. Nf3 Nxg3 21.
hxg3 bxc3 22. bxc3 Rad8 23. Rab1 e6 24. Rbc1 R5d6 25. Nd2 Rd5 26. Nf3 c5 27. c4
R5d6 28. dxc5 Qxc5 29. Rxd6 Rxd6 30. Nd2 Qa3 31. Rb1 Qa2 32. Rd1 Bc3 33. c5 Rd5
34. c6 Bxd2 35. c7 Qc2 36. c8=Q+ Qxc8 37. Rxd2 Qc1+ 0-1

[Event "EU YCH Team U12 boys"]
[Site "Thessaloniki"]
[Date "2022.07.12"]
[Round "1.3"]
[White "Witczak, Borys"]
[Black "Sternfeld, Tomer"]
[Result "1-0"]
[WhiteElo "1766"]
[BlackElo "1615"]
[PlyCount "85"]
[EventDate "2022.07.12"]
[EventType "swiss"]
[EventRounds "7"]
[EventCountry "GRE"]
[SourceTitle "Youth Database"]
[Source "CBase R.Goldau"]
[SourceDate "2000.03.01"]
[SourceVersion "1"]
[SourceVersionDate "2022.07.18"]
[SourceQuality "1"]
[WhiteTeam "Polen"]
[BlackTeam "Israel"]
[WhiteTeamCountry "POL"]
[BlackTeamCountry "ISR"]

1. e4 c5 2. Nf3 Nc6 3. d4 cxd4 4. Nxd4 e5 5. Nb5 d6 6. N1c3 a6 7. Na3 Be6 8.
Nd5 Nf6 9. Bg5 Qa5+ 10. Bd2 Qd8 11. Nxf6+ Qxf6 12. Be3 Qg6 13. f3 Be7 14. Qd2
O-O 15. Bc4 Rfd8 16. O-O-O b5 17. Bb3 Rab8 18. h4 h5 19. g4 hxg4 20. h5 Qf6 21.
fxg4 Bxb3 22. g5 Qf3 23. axb3 Qxe4 24. g6 Bf6 25. Rdf1 Ne7 26. h6 Nxg6 27. hxg7
Bxg7 28. Bh6 Qd4 29. Qg5 e4 30. c3 Qe5 31. Rf5 Bxh6 32. Rxh6 Qg7 33. Qh5 d5 34.
Rg5 Rd6 35. Nc2 Kf8 36. Ne3 Qf6 37. Nf5 Rdb6 38. Rgxg6 fxg6 39. Rh8+ Kf7 40.
Rh7+ Ke6 41. Nd4+ Kd6 42. Qh2+ Qe5 43. Nf5+ 1-0

[Event "EU YCH Team U12 boys"]
[Site "Thessaloniki"]
[Date "2022.07.12"]
[Round "1.4"]
[White "Belkovsky, Guy"]
[Black "Suska, Szymon"]
[Result "0-1"]
[WhiteElo "1358"]
[BlackElo "1674"]
[PlyCount "88"]
[EventDate "2022.07.12"]
[EventType "swiss"]
[EventRounds "7"]
[EventCountry "GRE"]
[SourceTitle "Youth Database"]
[Source "CBase R.Goldau"]
[SourceDate "2000.03.01"]
[SourceVersion "1"]
[SourceVersionDate "2022.07.18"]
[SourceQuality "1"]
[WhiteTeam "Israel"]
[BlackTeam "Polen"]
[WhiteTeamCountry "ISR"]
[BlackTeamCountry "POL"]

1. e4 c5 2. Nf3 d6 3. d4 cxd4 4. Nxd4 Nf6 5. Nc3 g6 6. Be3 Bg7 7. Be2 O-O 8.
O-O Nc6 9. Nb3 Bd7 10. f4 a6 11. a3 Na5 12. Nxa5 Qxa5 13. Bd4 Bc6 14. Bf3 Nd7
15. Bxg7 Kxg7 16. Kh1 Qc5 17. Qe1 b5 18. Rd1 Rad8 19. Rf2 Nf6 20. Rfd2 e5 21.
Qg3 Rfe8 22. f5 a5 23. Qh4 b4 24. axb4 axb4 25. Nd5 Bxd5 26. Rxd5 Nxd5 27. Rxd5
Qe3 28. Rd3 Qf4 29. g4 d5 30. Kg1 g5 31. f6+ Qxf6 32. Qh3 Qh6 33. Qg3 dxe4 34.
Rxd8 Rxd8 35. Qxe5+ Qf6 36. Qxf6+ Kxf6 37. Bxe4 h6 38. b3 Ke5 39. Bf5 Rd1+ 40.
Kg2 Rd2+ 41. Kg3 Kd4 42. h4 Kc3 43. hxg5 hxg5 44. Kf3 Rxc2 0-1

[Event "EU YCH Team U12 boys"]
[Site "Thessaloniki"]
[Date "2022.07.12"]
[Round "1.2"]
[White "Shefer, Uri"]
[Black "Harasym, Danylo"]
[Result "1-0"]
[WhiteElo "1882"]
[BlackElo "1407"]
[PlyCount "75"]
[EventDate "2022.07.12"]
[EventType "swiss"]
[EventRounds "7"]
[EventCountry "GRE"]
[SourceTitle "Youth Database"]
[Source "CBase R.Goldau"]
[SourceDate "2000.03.01"]
[SourceVersion "1"]
[SourceVersionDate "2022.07.18"]
[SourceQuality "1"]
[WhiteTeam "Israel"]
[BlackTeam "Ukraine"]
[WhiteTeamCountry "ISR"]
[BlackTeamCountry "UKR"]

1. d4 Nf6 2. c4 d5 3. g3 Bf5 4. Nf3 e6 5. Bg2 Be7 6. O-O O-O 7. Bf4 c6 8. Qb3
Qb6 9. c5 Qxb3 10. axb3 Nbd7 11. Nc3 b5 12. Ra6 Rfc8 13. b4 Nh5 14. Rfa1 Nxf4
15. gxf4 Rc7 16. Nd2 Nb8 17. R6a3 a6 18. Nb3 g5 19. fxg5 Bxg5 20. e3 f6 21. Kf1
Rg7 22. e4 Bg4 23. exd5 exd5 24. Nxd5 Be6 25. Nb6 Raa7 26. d5 cxd5 27. Bxd5
Bxd5 28. Nxd5 Rgd7 29. Nc3 Rac7 30. Re1 Kf7 31. Ne4 Bf4 32. Na5 Bd2 33. Nd6+
Kg6 34. Rg3+ Kh5 35. Rd1 Bg5 36. Rd5 Kh6 37. f4 Bxf4 38. Nf5+ 1-0

[Event "EU YCH Team U12 boys"]
[Site "Thessaloniki"]
[Date "2022.07.12"]
[Round "1.3"]
[White "Molchanov, Roman"]
[Black "Azoulay, Yehonatan"]
[Result "0-1"]
[WhiteElo "1290"]
[BlackElo "1805"]
[PlyCount "104"]
[EventDate "2022.07.12"]
[EventType "swiss"]
[EventRounds "7"]
[EventCountry "GRE"]
[SourceTitle "Youth Database"]
[Source "CBase R.Goldau"]
[SourceDate "2000.03.01"]
[SourceVersion "1"]
[SourceVersionDate "2022.07.18"]
[SourceQuality "1"]
[WhiteTeam "Ukraine"]
[BlackTeam "Israel"]
[WhiteTeamCountry "UKR"]
[BlackTeamCountry "ISR"]

1. e4 c5 2. Nf3 g6 3. c3 d5 4. exd5 Qxd5 5. d4 Nc6 6. Be3 cxd4 7. Nxd4 Bg7 8.
Qf3 Qxf3 9. Nxf3 Nh6 10. Bb5 Nf5 11. Bf4 O-O 12. Nbd2 e5 13. Bg3 e4 14. Ng1 e3
15. Ndf3 Re8 16. O-O-O Bh6 17. Kb1 exf2 18. Bxf2 Be3 19. Bxe3 Nxe3 20. Rd2 Bf5+
21. Kc1 a6 22. Ba4 b5 23. Bb3 Na5 24. Nd4 Nac4 25. Bxc4 Nxc4 26. Re2 Bg4 27.
Rxe8+ Rxe8 28. Ngf3 Bxf3 29. gxf3 Re3 30. f4 f5 31. Rg1 Kf7 32. Rf1 Rh3 33. Rf2
Nd6 34. Nf3 Ne4 35. Ne5+ Ke6 36. Rg2 g5 37. Nc6 gxf4 38. Nd4+ Kf6 39. Rg8 Kf7
40. Rg1 f3 41. Nxf5 f2 42. Rf1 Rxh2 43. Kd1 Kf6 44. Ne3 Kg5 45. Kc1 Ng3 46. Rd1
Kf4 47. Nd5+ Ke5 48. Ne3 Ke4 49. Ng4 f1=Q 50. Nxh2 Ne2+ 51. Kd2 Qf4+ 52. Kxe2
Qxh2+ 0-1

[Event "EU YCH Team U12 boys"]
[Site "Thessaloniki"]
[Date "2022.07.12"]
[Round "1.4"]
[White "Shilon Rahav, Eliran"]
[Black "Sobol, Matvii"]
[Result "0-1"]
[WhiteElo "1922"]
[BlackElo "1407"]
[PlyCount "122"]
[EventDate "2022.07.12"]
[EventType "swiss"]
[EventRounds "7"]
[EventCountry "GRE"]
[SourceTitle "Youth Database"]
[Source "CBase R.Goldau"]
[SourceDate "2000.03.01"]
[SourceVersion "1"]
[SourceVersionDate "2022.07.18"]
[SourceQuality "1"]
[WhiteTeam "Israel"]
[BlackTeam "Ukraine"]
[WhiteTeamCountry "ISR"]
[BlackTeamCountry "UKR"]

1. e4 e6 2. Qe2 c5 3. Nf3 Nc6 4. g3 g6 5. Bg2 Bg7 6. O-O Nge7 7. Re1 d6 8. d3
O-O 9. Nbd2 e5 10. h3 h6 11. Nf1 Kh7 12. c3 Be6 13. Be3 Qd7 14. Kh2 f5 15. exf5
Nxf5 16. a3 a5 17. Rad1 Rae8 18. g4 Nfe7 19. d4 Bb3 20. Rd2 e4 21. Ng1 cxd4 22.
Bxd4 Nxd4 23. cxd4 d5 24. Qe3 a4 25. Ne2 Nc6 26. Nc1 Bc4 27. Ng3 Qc7 28. Kg1
Rf7 29. Nce2 Ref8 30. Nc3 Bf6 31. Ngxe4 dxe4 32. Nxe4 Bg7 33. d5 Ne5 34. d6 Qd8
35. Nc5 b6 36. Nxa4 Nf3+ 37. Bxf3 Rxf3 38. Qe7 b5 39. Qxd8 Rxd8 40. Nc5 Bf8 41.
Ne4 Rxh3 42. d7 Kg7 43. Ng3 Kf7 44. Kg2 Rh4 45. f3 Be6 46. Red1 Ke7 47. Re1
Rxd7 48. Rde2 Rd6 49. Ne4 Rc6 50. Kg3 g5 51. Nc3 Kf7 52. Ne4 Bg7 53. b4 Bc4 54.
Rf2 Bd4 55. Rg2 Be6 56. Nd2 Bb6 57. Nf1 Bc7+ 58. Kf2 Rc2+ 59. Kg1 Bb6+ 60. Ne3
Rc3 61. Rge2 Bc4 0-1

[Event "EU YCH Team U12 boys"]
[Site "Thessaloniki"]
[Date "2022.07.12"]
[Round "1.1"]
[White "Tadic, Jure"]
[Black "Negrean, Andrei"]
[Result "1/2-1/2"]
[WhiteElo "1571"]
[BlackElo "1976"]
[PlyCount "69"]
[EventDate "2022.07.12"]
[EventType "swiss"]
[EventRounds "7"]
[EventCountry "GRE"]
[SourceTitle "Youth Database"]
[Source "CBase R.Goldau"]
[SourceDate "2000.03.01"]
[SourceVersion "1"]
[SourceVersionDate "2022.07.18"]
[SourceQuality "1"]
[WhiteTeam "Kroatien"]
[BlackTeam "Rumänien"]
[WhiteTeamCountry "CRO"]
[BlackTeamCountry "ROU"]

1. e4 c5 2. Nf3 Nc6 3. d4 cxd4 4. Nxd4 Qc7 5. Nc3 e6 6. Be3 a6 7. Bd3 Nf6 8.
O-O Nxd4 9. Bxd4 Bc5 10. Bxc5 Qxc5 11. Kh1 d6 12. f4 e5 13. f5 Bd7 14. Rf3 Bc6
15. Rg3 h5 16. h3 Ng4 17. Qg1 Nf2+ 18. Kh2 Ng4+ 19. Kh1 Qb4 20. Qe1 Qb6 21. Rb1
Nf2+ 22. Kh2 Ng4+ 23. Kh1 O-O-O 24. Qg1 Nf2+ 25. Kh2 Rdg8 26. Rf3 Ng4+ 27. Kh1
Qxg1+ 28. Kxg1 Nf6 29. Kf2 Rd8 30. Re3 h4 31. Bc4 Rd7 32. Rd1 b5 33. Bd5 Kc7
34. a3 g6 35. fxg6 1/2-1/2

[Event "EU YCH Team U12 boys"]
[Site "Thessaloniki"]
[Date "2022.07.12"]
[Round "1.2"]
[White "Tudor, Henry Edward"]
[Black "Zagorac, Lara"]
[Result "0-1"]
[WhiteElo "1984"]
[BlackElo "1499"]
[PlyCount "120"]
[EventDate "2022.07.12"]
[EventType "swiss"]
[EventRounds "7"]
[EventCountry "GRE"]
[SourceTitle "Youth Database"]
[Source "CBase R.Goldau"]
[SourceDate "2000.03.01"]
[SourceVersion "1"]
[SourceVersionDate "2022.07.18"]
[SourceQuality "1"]
[WhiteTeam "Rumänien"]
[BlackTeam "Kroatien"]
[WhiteTeamCountry "ROU"]
[BlackTeamCountry "CRO"]

1. d4 d5 2. c4 e6 3. Nc3 Nf6 4. cxd5 exd5 5. Bg5 Nbd7 6. e3 c6 7. Bd3 Bd6 8.
Nge2 Qc7 9. Bh4 h6 10. f3 g5 11. Bg3 Nb6 12. e4 Bxg3+ 13. Nxg3 Be6 14. Rc1 Qe7
15. Qe2 h5 16. e5 Nfd7 17. O-O O-O-O 18. Nb5 Kb8 19. Nd6 Nc8 20. Ngf5 Bxf5 21.
Nxf5 Qf8 22. Qd2 Rg8 23. f4 g4 24. Qa5 Ndb6 25. Rc3 Ne7 26. Ra3 Nec8 27. Rc1
Qe8 28. Nd6 Rxd6 29. Bh7 Rg7 30. exd6 Rxh7 31. Re1 Qd7 32. Qc5 Qxd6 33. Re8
Qxc5 34. dxc5 Nd7 35. Rae3 Nf6 36. Rf8 Ne4 37. f5 Kc7 38. Re8 Kd7 39. Rf8 Ne7
40. Ra8 Nxf5 41. Rb3 Nxc5 42. Rc3 Ne4 43. Rb3 Nfd6 44. Rxa7 g3 45. h3 Rh6 46.
a4 Rf6 47. h4 Rf1+ 48. Kxf1 Nd2+ 49. Ke2 Nxb3 50. Kf3 d4 51. Kxg3 d3 52. Kf2 d2
53. Ke2 f5 54. a5 Kc7 55. Ra8 Ne4 56. a6 bxa6 57. Rxa6 Nf2 58. Ra1 Nxa1 59.
Kxd2 Kd6 60. Ke3 Ke5 0-1